=LDR 00000nam 2200000 4500 =001 INLIS000000000014670 =005 20130612105940 =008 ***********************************Ind** =035 ##$$0010-061300000014670 =041 ##$$a Ind =082 ##$$a 808.8 =090 ##$$a 808.8, Imr c =100 ##$$a Imron, D.Zawawi =245 ##$$a Cinta ladang sajadah, D.Zawawi Imron =260 ##$$a 2003 $b Yogyakarta =300 ##$$a ; vii,87 hlm, 19 cm =650 ##$$a Puisi =850 ##$$a NBPNMAT